| 000 | 00407nam a2200181Ia 4500 | ||
|---|---|---|---|
| 001 | 319 | ||
| 005 | 20260306140509.0 | ||
| 008 | 260306t2004||||xx |||||||||||||| ||spa|| | ||
| 041 | _aESP | ||
| 082 |
_a101 _bG32 |
||
| 100 |
_aGay Bochaca, José _eAUT |
||
| 245 | 0 | _aCurso de filosofía | |
| 260 | _c2004 | ||
| 300 |
_a419 páginas : _c21 cm. |
||
| 650 | _aGEN | ||
| 654 | _aCHU | ||
| 942 |
_cLIB _dJUS _fJUS _2ddc _n |
||
| 999 |
_c319 _d319 |
||